<?xml version="1.0" encoding="UTF-8"?>
<record
    xmlns:xsi="http://www.w3.org/2001/XMLSchema-instance"
    xsi:schemaLocation="http://www.loc.gov/MARC21/slim http://www.loc.gov/standards/marcxml/schema/MARC21slim.xsd"
    xmlns="http://www.loc.gov/MARC21/slim">

  <leader>02109cam a22002531i 4500</leader>
  <datafield tag="999" ind1=" " ind2=" ">
    <subfield code="c">4737</subfield>
    <subfield code="d">4737</subfield>
  </datafield>
  <datafield tag="020" ind1=" " ind2=" ">
    <subfield code="a">1118982614 (electronic bk.)</subfield>
  </datafield>
  <datafield tag="020" ind1=" " ind2=" ">
    <subfield code="a">9781118982617 (electronic bk.)</subfield>
  </datafield>
  <datafield tag="082" ind1="0" ind2="4">
    <subfield code="a">650.142 DEC</subfield>
  </datafield>
  <datafield tag="100" ind1="1" ind2=" ">
    <subfield code="a">DeCarlo, Laura,</subfield>
  </datafield>
  <datafield tag="245" ind1="1" ind2="0">
    <subfield code="a">Resumes for dummies /</subfield>
  </datafield>
  <datafield tag="250" ind1=" " ind2=" ">
    <subfield code="a">7th edition.</subfield>
  </datafield>
  <datafield tag="300" ind1=" " ind2=" ">
    <subfield code="a">1 online resource.</subfield>
  </datafield>
  <datafield tag="490" ind1="1" ind2=" ">
    <subfield code="a">--For dummies</subfield>
  </datafield>
  <datafield tag="500" ind1=" " ind2=" ">
    <subfield code="a">Includes index.</subfield>
  </datafield>
  <datafield tag="500" ind1=" " ind2=" ">
    <subfield code="a">Electronic resource.</subfield>
  </datafield>
  <datafield tag="505" ind1="0" ind2=" ">
    <subfield code="a">Introduction -- PART I: Getting Started with Resumes -- Ch. 1: Seeing How the Digital Age is Changing the Job Chase -- Ch. 2: Finding Your Next Job in the Wide World of Social Media -- Ch. 3: Going Mobile: Resumes on Smartphones and Tablets -- Ch. 4: Familiar Search Tools That Haven't Gone Away -- Ch. 5: Do Due Diligence, Ditch Digital Dirt -- PART II: Pulling Together Your Winning Resume -- Ch. 6: Selecting Your Best Resume Format -- Ch. 7: The Pieces and Parts of Your Resume -- Ch. 8: Getting the Details Down and Making Them Shine -- Ch. 9: Get On Target With Your Resume! -- PART III: Resume Strategies That Wow 'em Every Time -- Ch. 10: Wow Words Work Wonders -- Ch. 11: Refine Your Design for Great Looks -- Ch. 12: Resumes for Life's Changing Phases -- Ch. 13: Overcoming Career Road Blocks with Your Resume -- PART IV: Bringing It All Together: Sample Resumes -- Ch. 14: A Sampling of OnTarget Resumes by Industry and Career Field -- Ch. 15: A Sampling of OnTarget Resumes by Experience Level and Age -- Ch. 16: A Sampling of OnTarget Resumes for Special Circumstances -- PART V: The Part of Tens -- Ch. 17: Ten Ways to Improve Your Resume -- Ch. 18: Ten Ways to Up Your Odds of Landing the Job -- Ch. 19: Ten Tips for Choosing Professional Resume Help -- Ch. 20: Your Ten-Point Resume Checklist -- Appendix: Directory of Resume Writers -- Index.</subfield>
  </datafield>
  <datafield tag="650" ind1=" " ind2="0">
    <subfield code="a">R&#xFFFD;esum&#xFFFD;es (Employment)</subfield>
  </datafield>
  <datafield tag="650" ind1=" " ind2="0">
    <subfield code="a">R&#xFFFD;esum&#xFFFD;es (Employment)</subfield>
  </datafield>
  <datafield tag="650" ind1=" " ind2="0">
    <subfield code="a">Job hunting.</subfield>
  </datafield>
  <datafield tag="650" ind1=" " ind2="0">
    <subfield code="a">Job hunting</subfield>
  </datafield>
  <datafield tag="700" ind1="1" ind2=" ">
    <subfield code="a">Kennedy, Joyce Lain,</subfield>
  </datafield>
  <datafield tag="856" ind1="4" ind2="1">
    <subfield code="u">http://proxy.library.tamu.edu/login?url=https://ebookcentral.proquest.com/lib/tamucs/detail.action?docID=2119158</subfield>
  </datafield>
  <datafield tag="942" ind1=" " ind2=" ">
    <subfield code="c">BK</subfield>
  </datafield>
  <datafield tag="952" ind1=" " ind2=" ">
    <subfield code="0">0</subfield>
    <subfield code="1">0</subfield>
    <subfield code="7">0</subfield>
    <subfield code="8">NFIC</subfield>
    <subfield code="a">IC</subfield>
    <subfield code="b">IC</subfield>
    <subfield code="c">GEN</subfield>
    <subfield code="d">2019-05-25</subfield>
    <subfield code="l">0</subfield>
    <subfield code="o">650.142 DEC</subfield>
    <subfield code="p">007401</subfield>
    <subfield code="r">2022-11-17 00:00:00</subfield>
    <subfield code="w">2019-05-25</subfield>
    <subfield code="y">BK</subfield>
  </datafield>
</record>
